000 00534nam a2200193Ia 4500
005 20250508153106.0
008 008 250505s9999 xx 000 0 eng d
037 _aTextual
040 _aFEDL
_beng
_cFEDL
041 _aeng
_2eng
084 _a301, BOT
_qFEDL
100 _aBottomore T. B.
245 0 _aSociology: A guide to problems and literature
260 _aLondon, UK
_bGeorge Allen and Unwin Ltd.
_c1962
300 _a330p
650 _aSociology
942 _cTEXL
_h301, BOT
999 _c1340646
_d1340646